000 01031nam a2200277 4500
003 EG-GICUC
005 20260407093513.0
008 260402s1953 xxu |||f |||| 00| 0 Fre d
040 _a EG-GICUC
_bfre
_c EG-GICUC
_d EG-GICUC
_erda
082 0 4 _a341.511
_bC O . R
_221
092 0 4 _221
099 _aLaw1 11 341.511 C O . R 1953
110 _kCour internationale de Justice
245 _aRapports De Jugements, Avis Consultatifs Et Ordonnances :
_bAffaire Des Minquiers Et Des Écréhous (France / Royaume-Uni) Ǎrrét Du 17 Novembre 1953 /
_cPar Cour internationale de Justice.
264 _aParis:
_bLeyde Société D'Editions A. W. Sijthoff,
_c1953.
300 _a109 Pages ;
_c24 Cm.
336 _2rda content
_atext
337 _2rda media
_aComputer
338 _2rda carrier
_aOnline Resource
546 _aTexte bilingue (français -anglais))
650 1 4 _adroit international public
651 1 _2qrmak
856 4 0 _uhttps://fll.law.cu.edu.eg/fulltext/bks/B11-09060.pdf
905 _a64
942 _2ddc
_cBK
_e21
_n0
999 _c68413
_d68413